<?xml version="1.0" encoding="UTF-8"?>
<record
    xmlns:xsi="http://www.w3.org/2001/XMLSchema-instance"
    xsi:schemaLocation="http://www.loc.gov/MARC21/slim http://www.loc.gov/standards/marcxml/schema/MARC21slim.xsd"
    xmlns="http://www.loc.gov/MARC21/slim">

  <leader>01388nam0a2200265   4500</leader>
  <controlfield tag="001">RU\NLR\BIBL_A\012076038</controlfield>
  <controlfield tag="005">20250627113802.0</controlfield>
  <datafield tag="035" ind1=" " ind2=" ">
    <subfield code="a">(NLR Aleph) 012076038</subfield>
  </datafield>
  <datafield tag="090" ind1=" " ind2=" ">
    <subfield code="a">13296127</subfield>
    <subfield code="c">13296127</subfield>
  </datafield>
  <datafield tag="100" ind1=" " ind2=" ">
    <subfield code="a">20190815d1955    |||y0rusy50      ca</subfield>
  </datafield>
  <datafield tag="101" ind1="1" ind2=" ">
    <subfield code="a">ady</subfield>
    <subfield code="c">rus</subfield>
  </datafield>
  <datafield tag="102" ind1=" " ind2=" ">
    <subfield code="a">RU</subfield>
  </datafield>
  <datafield tag="105" ind1=" " ind2=" ">
    <subfield code="a">a   z   000 y</subfield>
  </datafield>
  <datafield tag="200" ind1="1" ind2=" ">
    <subfield code="a">&#x410;&#x440;&#x438;&#x444;&#x43C;&#x435;&#x442;&#x438;&#x447;&#x435;&#x441;&#x43A;&#x44D; &#x437;&#x430;&#x434;&#x430;&#x447;&#x44D;&#x445;&#x44D;&#x43C;&#x440;&#x44D; &#x443;&#x43F;&#x440;&#x430;&#x436;&#x43D;&#x435;&#x43D;&#x438;&#x43D;&#x438;&#x435;&#x445;&#x44D;&#x43C;&#x440;&#x44D; &#x44F;&#x441;&#x431;&#x43E;&#x440;&#x43D;&#x438;&#x43A;</subfield>
    <subfield code="e">&#x448;&#x43A;&#x43E;&#x43B; &#x443;&#x431;&#x43B;&#x430;&#x43F;I&#x44D;&#x43C; &#x438;&#x44F; 3-&#x440;&#x44D; &#x43A;&#x43B;&#x430;&#x441;&#x441; &#x43F;&#x430;&#x435;</subfield>
    <subfield code="f">&#x41D;.&#x41D;. &#x41D;&#x438;&#x43A;&#x438;&#x442;&#x438;&#x43D;, &#x413;.&#x411;. &#x41F;&#x43E;&#x43B;&#x44F;&#x43A;, &#x41B;.&#x41D;. &#x412;&#x43E;&#x43B;&#x43E;&#x434;&#x438;&#x43D;&#x430;</subfield>
    <subfield code="g">&#x437;&#x44D;&#x437;&#x434;&#x437;&#x44D;&#x43A;I&#x44B;&#x433;&#x44A;&#x44D;&#x440; &#x41C;. &#x428;&#x44D;&#x443;&#x434;&#x436;&#x44D;&#x43D;</subfield>
  </datafield>
  <datafield tag="205" ind1=" " ind2=" ">
    <subfield code="a">&#x44F;&#x445;&#x44D;&#x43D;&#x44D;&#x440;&#x44D; &#x442;&#x435;&#x434;&#x437;&#x44D;&#x433;&#x44A;&#x443;</subfield>
  </datafield>
  <datafield tag="210" ind1=" " ind2=" ">
    <subfield code="a">&#x41C;&#x44B;&#x435;&#x43A;&#x44A;&#x443;&#x430;&#x43F;&#x44D;</subfield>
    <subfield code="c">&#x410;&#x434;&#x44B;&#x433;&#x44D; &#x442;&#x445;&#x44B;&#x43B;&#x44A; &#x442;&#x435;&#x434;&#x437;&#x430;&#x43F;I</subfield>
    <subfield code="d">1955</subfield>
  </datafield>
  <datafield tag="215" ind1=" " ind2=" ">
    <subfield code="a">184, [2] &#x441;.</subfield>
    <subfield code="c">&#x438;&#x43B;.</subfield>
    <subfield code="d">22</subfield>
  </datafield>
  <datafield tag="541" ind1="1" ind2=" ">
    <subfield code="a">&#x421;&#x431;&#x43E;&#x440;&#x43D;&#x438;&#x43A; &#x430;&#x440;&#x438;&#x444;&#x43C;&#x435;&#x442;&#x438;&#x447;&#x435;&#x441;&#x43A;&#x438;&#x445; &#x437;&#x430;&#x434;&#x430;&#x447; &#x438; &#x443;&#x43F;&#x440;&#x430;&#x436;&#x43D;&#x435;&#x43D;&#x438;&#x439;</subfield>
    <subfield code="e">&#x434;&#x43B;&#x44F; 3-&#x433;&#x43E; &#x43A;&#x43B;&#x430;&#x441;&#x441;&#x430; &#x43D;&#x430;&#x447;&#x430;&#x43B;&#x44C;&#x43D;&#x43E;&#x439; &#x448;&#x43A;&#x43E;&#x43B;&#x44B;</subfield>
    <subfield code="z">rus</subfield>
  </datafield>
  <datafield tag="700" ind1=" " ind2="1">
    <subfield code="4">070</subfield>
    <subfield code="7">ca</subfield>
    <subfield code="8">rus</subfield>
    <subfield code="a">&#x41D;&#x438;&#x43A;&#x438;&#x442;&#x438;&#x43D;</subfield>
    <subfield code="b">&#x41D;. &#x41D;.</subfield>
    <subfield code="c">&#x43C;&#x430;&#x442;&#x435;&#x43C;&#x430;&#x442;&#x438;&#x43A;-&#x43F;&#x435;&#x434;&#x430;&#x433;&#x43E;&#x433;</subfield>
    <subfield code="f">1885-1966</subfield>
    <subfield code="g">&#x41D;&#x438;&#x43A;&#x43E;&#x43B;&#x430;&#x439; &#x41D;&#x438;&#x43A;&#x438;&#x444;&#x43E;&#x440;&#x43E;&#x432;&#x438;&#x447;</subfield>
    <subfield code="9">210723</subfield>
    <subfield code="3">RU\NLR\AUTH\770210779</subfield>
  </datafield>
  <datafield tag="701" ind1=" " ind2="1">
    <subfield code="4">070</subfield>
    <subfield code="7">ca</subfield>
    <subfield code="8">rus</subfield>
    <subfield code="a">&#x41F;&#x43E;&#x43B;&#x44F;&#x43A;</subfield>
    <subfield code="b">&#x413;. &#x411;.</subfield>
    <subfield code="f">1894-</subfield>
    <subfield code="g">&#x413;&#x440;&#x438;&#x433;&#x43E;&#x440;&#x438;&#x439; &#x411;&#x43E;&#x440;&#x438;&#x441;&#x43E;&#x432;&#x438;&#x447;</subfield>
    <subfield code="9">223415</subfield>
    <subfield code="3">RU\NLR\AUTH\770223471</subfield>
  </datafield>
  <datafield tag="701" ind1=" " ind2="1">
    <subfield code="a">&#x412;&#x43E;&#x43B;&#x43E;&#x434;&#x438;&#x43D;&#x430;</subfield>
    <subfield code="b">&#x41B;.&#x41D;.</subfield>
    <subfield code="g">&#x41B;&#x44E;&#x434;&#x43C;&#x438;&#x43B;&#x430; &#x41D;&#x438;&#x43A;&#x43E;&#x43B;&#x430;&#x435;&#x432;&#x43D;&#x430;</subfield>
    <subfield code="4">070</subfield>
  </datafield>
  <datafield tag="852" ind1=" " ind2=" ">
    <subfield code="a">NLR</subfield>
    <subfield code="b">&#x41E;&#x41D;&#x41B;</subfield>
    <subfield code="j">&#x410;&#x434;&#x44B;&#x433;./3-584</subfield>
  </datafield>
  <datafield tag="942" ind1=" " ind2=" ">
    <subfield code="c">BOOK</subfield>
  </datafield>
  <datafield tag="980" ind1=" " ind2=" ">
    <subfield code="a">NB</subfield>
  </datafield>
  <datafield tag="995" ind1=" " ind2=" ">
    <subfield code="5">2019-08-15</subfield>
    <subfield code="b">NLR01</subfield>
    <subfield code="c">NLR01</subfield>
    <subfield code="e">ONL</subfield>
    <subfield code="f">1-2413026</subfield>
    <subfield code="k">&#x41E;&#x41D;&#x41B; &#x410;&#x434;&#x44B;&#x433;./3-584</subfield>
    <subfield code="o">0</subfield>
    <subfield code="r">BOOK</subfield>
    <subfield code="s">_3584</subfield>
  </datafield>
</record>
